000
00325nam a2200133Ia 4500
008
220204s9999 xx 000 0 und d
082
_a
057
_b
OTT
100
_a
OTTO, James H
245
0
_a
Modern biology.
260
_a
New York
_b
Holt Reinhart & Winston
_c
1963
650
_a
Biology
700
_a
TOWLE, Albert
942
_c
BK
999
_c
24965
_d
24965